书目信息 |
| 题名: |
复杂地质隧道围岩稳定与结构设计理论
|
|
| 作者: | 张军伟 著 | |
| 分册: | ||
| 出版信息: | 北京 科学出版社 2020.01 |
|
| 页数: | 302页 | |
| 开本: | 26cm | |
| 丛书名: | ||
| 单 册: | ||
| 中图分类: | U452.1 | |
| 科图分类: | ||
| 主题词: | 复杂地层--fu za di ceng--隧道工程--围岩稳定性--研究 | |
| 电子资源: | ||
| ISBN: | 978-7-03-059985-8 | |
| 000 | 01202nam0 2200265 450 | |
| 001 | 0100015383 | |
| 005 | 20201024210218.0 | |
| 010 | @a978-7-03-059985-8@dCNY149.00 | |
| 100 | @a20200318d2020 em y0chiy50 ea | |
| 101 | 0 | @achi |
| 102 | @aCN@b110000 | |
| 105 | @aa a 000yy | |
| 106 | @ar | |
| 200 | 1 | @a复杂地质隧道围岩稳定与结构设计理论@Afu za di zhi sui dao wei yan wen ding yu jie gou she ji li lun@f张军伟著 |
| 210 | @a北京@c科学出版社@d2020.01 | |
| 215 | @a302页@c图@d26cm | |
| 312 | @a英文题名取自封面 | |
| 320 | @a有书目 (第299-302页) | |
| 330 | @a本书以作者近年来从事复杂地质隧道领域的研究成果为主要内容, 以复杂隧道围岩稳定与结构设计为主线, 系统阐述复杂地质隧道围岩稳定理论体系与结构设计分析方法, 详细介绍软岩隧道开挖面变形计算理论、岩溶隧道岩盘水力破坏与衬砌水压力计算理论、寒区隧道洞口段温度场计算理论与围岩弹塑性分析以及强震山区隧道洞口段抗震设计理论等相关研究成果。 | |
| 510 | 1 | @aSurrounding rock stability and structural design theory of complex geological tunnel@zeng |
| 606 | 0 | @a复杂地层@Afu za di ceng@x隧道工程@x围岩稳定性@x研究 |
| 690 | @aU452.1@v5 | |
| 701 | 0 | @a张军伟@Azhang jun wei@4著 |
| 801 | 0 | @aCN@c20200318 |
| 905 | @a河南城建学院图书馆@dU452.1@f1@eZ127 | |
| 复杂地质隧道围岩稳定与结构设计理论/张军伟著.-北京:科学出版社,2020.01 |
| 302页:图;26cm |
| ISBN 978-7-03-059985-8:CNY149.00 |
| 本书以作者近年来从事复杂地质隧道领域的研究成果为主要内容, 以复杂隧道围岩稳定与结构设计为主线, 系统阐述复杂地质隧道围岩稳定理论体系与结构设计分析方法, 详细介绍软岩隧道开挖面变形计算理论、岩溶隧道岩盘水力破坏与衬砌水压力计算理论、寒区隧道洞口段温度场计算理论与围岩弹塑性分析以及强震山区隧道洞口段抗震设计理论等相关研究成果。 |
| ● |
| 相关链接 |
|
|
|
正题名:复杂地质隧道围岩稳定与结构设计理论
索取号:U452.1/Z127
 
预约/预借
| 序号 | 登录号 | 条形码 | 馆藏地/架位号 | 状态 | 备注 |
| 1 | 1508766 | 215087661 | 自科库501/501自科库 55排5列5层/ [索取号:U452.1/Z127] | 在馆 |